00222nam a2200097Ia 4500008004100000100002600041245002400067260000900091942000700100999001700107190216s9999||||xx |||||||||||||| ||und|| aBhaskaran Nair Chepad 0aAdhunika Shashthram bNull cBK c24474d24474